00992nam a2200181 a 4500008004100000050002600041110007800067245015300145260009100298300001500389650003700404650003600441650002300477650002100500995014500521999001700666952012700683180905s2016 ||||||||||||||||| || u aUNESCO(05)IIEP/2016/2 aUnited Nations Educational, Scientific and Cultural Organization (UNESCO)14aThe IIEP letTer: news and analysis on educational planning and managementcUnited Nations Educational, Scientific and Cultural OrganizatioN [UNESCO] aParisbUnited Nations Educational, Scientific and Cultural Organization (UNESCO)c2016 a16p.: ill. aUNESCO-INTERNATIONAL COOPERATION aSUSTAINABLE DEVELOPMENT--UNESCO aEDUCATION PLANNING aEDUCATION POLICY FCBU-MAIN LIBRARY (Kitwe)M1UAVAILABLEWSep 5, 2018XUnited Nations Educational, Scientific and Cultural OrganizationZUniversity Collection c46159d46159 00102lcc4070a001b001cUniversity Collectiond2022-11-30l0oUNESCO(05)IIEP/2016/2pB3645r2022-11-30w2022-11-30y002